[Event "Sebes GP op"]
[Site "Sebes"]
[Date "2023.11.05"]
[Round "5"]
[White "Dima, Ioan Radu"]
[Black "Szabo, Gergely Andras"]
[Result "0-1"]
[WhiteElo "1930"]
[BlackElo "2493"]
[PlyCount "138"]
[EventDate "2023.11.04"]
[EventType "swiss"]
[EventRounds "10"]
[EventCountry "ROU"]
[SourceTitle "CB46_2023"]
[SourceDate "2023.11.15"]
[SourceVersion "1"]
[SourceVersionDate "2023.11.15"]
[SourceQuality "1"]

1. d4 Nf6 2. c4 e6 3. Nf3 Bb4+ 4. Bd2 Qe7 5. g3 Nc6 6. a3 Bxd2+ 7. Qxd2 d5 8. Bg2 dxc4 9. 0-0 0-0 10. Rc1 e5 11. Nxe5 Nxe5 12. dxe5 Qxe5 13. Rxc4 Be6 14. Rd4 c5 15. Rd3 Bf5 16. Re3 Qc7 17. Nc3 Rad8 18. Qe1 Ng4 19. Rf3 Be6 20. Rc1 Ne5 21. Rf4 b6 22. h4 Bb3 23. Ne4 Bd5 24. Qc3 Ng6 25. Rf5 Be6 26. Rf3 Qe5 27. Qxe5 Nxe5 28. Rfc3 h6 29. f4 Ng4 30. Bf3 Rfe8 31. Nf2 Nxf2 32. Kxf2 Bf5 33. g4 Be4 34. Re3 Bxf3 35. Kxf3 Kf8 36. Rxe8+ Kxe8 37. Rc2 Rd1 38. h5 Ke7 39. Ke4 Ke6 40. b4 cxb4 41. axb4 Rb1 42. Rc6+ Kd7 43. Rc4 Kd6 44. Kd4 Rg1 45. b5 Rxg4 46. Rc6+ Kd7 47. Ke5 Rh4 48. Rd6+ Ke7 49. Rc6 Rxh5+ 50. f5 f6+ 51. Ke4 Kd7 52. Rc1 Rh4+ 53. Kd5 Rb4 54. e4 Rxb5+ 55. Kd4 g6 56. fxg6 Rg5 57. Ra1 a5 58. Rb1 Kc6 59. Rc1+ Kb7 60. Rf1 Rxg6 61. Kd5 h5 62. Rh1 Rg5+ 63. Kd4 a4 64. Rf1 a3 65. Rxf6 a2 66. Rf1 Ra5 67. Ra1 Kc6 68. e5 Kd7 69. Ke4 Ke6 0-1

[Event "Sebes GP op"]
[Site "Sebes"]
[Date "2023.11.04"]
[Round "3"]
[White "Dima, Ioan Radu"]
[Black "Ileana, George"]
[Result "0-1"]
[WhiteElo "1930"]
[BlackElo "2315"]
[PlyCount "104"]
[EventDate "2023.11.04"]
[EventType "swiss"]
[EventRounds "10"]
[EventCountry "ROU"]
[SourceTitle "CB46_2023"]
[SourceDate "2023.11.15"]
[SourceVersion "1"]
[SourceVersionDate "2023.11.15"]
[SourceQuality "1"]

1. d4 Nf6 2. c4 e6 3. Nf3 Bb4+ 4. Bd2 Qe7 5. a3 Bxd2+ 6. Qxd2 b6 7. Nc3 Bb7 8. e3 0-0 9. Bd3 d6 10. e4 e5 11. d5 a5 12. 0-0 Nbd7 13. Bc2 Nh5 14. Nb5 Qd8 15. Qg5 Ndf6 16. g3 Ba6 17. a4 h6 18. Qd2 Bxb5 19. cxb5 Nd7 20. b4 Nhf6 21. Rfc1 Qb8 22. Nh4 axb4 23. Nf5 Re8 24. Qxb4 g6 25. Ne3 Nc5 26. f3 Kg7 27. Nc4 h5 28. Ra3 Qc8 29. Kg2 h4 30. g4 Nxg4 31. fxg4 Qxg4+ 32. Kh1 Nxe4 33. Qe1 Nc5 34. Bd1 Qf4 35. Rcc3 e4 36. Re3 f5 37. Bc2 Qg5 38. Nd2 Qf6 39. Qe2 Re5 40. Ra1 f4 41. Nxe4 Rxe4 42. Rxe4 Qxa1+ 43. Kg2 Nxe4 44. Qxe4 Qf6 45. Kf3 Rf8 46. Qc4 Rf7 47. h3 Re7 48. Be4 Qg5 49. Qd4+ Kg8 50. Kf2 Qg3+ 51. Kf1 Qxh3+ 52. Bg2 Qe3 0-1

[Event "Sebes Romanian Rapid op"]
[Site "Sebes"]
[Date "2022.12.02"]
[Round "1"]
[White "Dima, Ioan Radu"]
[Black "Costachi, Mihnea"]
[Result "0-1"]
[WhiteElo "1819"]
[BlackElo "2476"]
[PlyCount "54"]
[EventDate "2022.12.02"]
[EventType "swiss (rapid)"]
[EventRounds "8"]
[EventCountry "ROU"]
[SourceTitle "CBM 211 Extra"]
[Source "ChessBase"]
[SourceDate "2023.01.31"]
[SourceVersion "1"]
[SourceVersionDate "2023.01.31"]
[SourceQuality "1"]

1. d4 Nf6 2. c4 g6 3. g3 Bg7 4. Bg2 0-0 5. Nf3 d6 6. 0-0 Nc6 7. d5 Na5 8. Nfd2 c5 9. h3 a6 10. Nc3 Bd7 11. a4 Qb8 12. e4 b5 13. axb5 axb5 14. Qe2 bxc4 15. f4 Nb3 16. Nxb3 cxb3 17. Rxa8 Qxa8 18. e5 Ne8 19. exd6 exd6 20. Qe7 Qc8 21. Ne4 Bxh3 22. Nxd6 Nxd6 23. Qxd6 Bd4+ 24. Kh2 Bxg2 25. Kxg2 Rd8 26. Qe7 Re8 27. Qh4 Qf5 0-1

[Event "FISCA Online op"]
[Site "Chess.com INT"]
[Date "2020.06.25"]
[Round "6"]
[White "Dima, Ioan Radu"]
[Black "Dubnevych, Maksym"]
[Result "1/2-1/2"]
[WhiteElo "1486"]
[BlackElo "1800"]
[PlyCount "91"]
[EventDate "2020.06.19"]
[EventType "swiss"]
[EventRounds "9"]
[EventCountry "ROU"]
[SourceTitle "CBM 197 Extra"]
[Source "ChessBase"]
[SourceDate "2020.09.30"]
[SourceVersion "1"]
[SourceVersionDate "2020.09.30"]
[SourceQuality "1"]

1. e4 c5 2. Nc3 Nc6 3. g3 g6 4. Bg2 Bg7 5. d3 e6 6. Nh3 Nge7 7. Bg5 0-0 8. 0-0 h6 9. Be3 d6 10. Qd2 Kh7 11. Kh1 Nd4 12. f4 Rb8 13. Rab1 b5 14. Ne2 Nec6 15. c3 Nxe2 16. Qxe2 b4 17. c4 Nd4 18. Bxd4 Bxd4 19. Nf2 Bg7 20. h4 b3 21. a3 a5 22. Nh3 a4 23. h5 Bd4 24. Bf3 Rg8 25. Qh2 Qf6 26. Nf2 Qg7 27. g4 g5 28. f5 Qe5 29. Qxe5 Bxe5 30. Kg2 Ba6 31. Rfe1 Rgd8 32. Nd1 Rb6 33. Ne3 Bd4 34. Kf1 Kg7 35. Ke2 Re8 36. Kd2 Be5 37. Ke2 Bf4 38. Kf2 Rbb8 39. Rbd1 Be5 40. Re2 Bd4 41. Kg3 Bc8 42. Rf1 Bxe3 43. Rxe3 exf5 44. gxf5 Bxf5 45. Bg4 Be6 46. Ref3 1/2-1/2

[Event "FISCA Online op"]
[Site "Chess.com INT"]
[Date "2020.06.19"]
[Round "1"]
[White "Macovei, Andrei"]
[Black "Dima, Ioan Radu"]
[Result "1-0"]
[WhiteElo "2453"]
[BlackElo "1486"]
[PlyCount "39"]
[EventDate "2020.06.19"]
[EventType "swiss"]
[EventRounds "9"]
[EventCountry "ROU"]
[SourceTitle "CBM 197 Extra"]
[Source "ChessBase"]
[SourceDate "2020.09.30"]
[SourceVersion "1"]
[SourceVersionDate "2020.09.30"]
[SourceQuality "1"]

1. e4 c5 2. Nf3 d6 3. d4 cxd4 4. Nxd4 Nf6 5. Nc3 a6 6. f3 e6 7. Be3 Be7 8. Qd2 Nbd7 9. g4 Nc5 10. g5 Nfd7 11. b4 e5 12. Nf5 Ne6 13. Nxd6+ Bxd6 14. Qxd6 Nxg5 15. 0-0-0 Qf6 16. Qxf6 gxf6 17. Nd5 Ne6 18. Bh3 0-0 19. Bxe6 fxe6 20. Ne7+ 1-0

[Event "Hannibal Online op U14"]
[Site "Chess.com INT"]
[Date "2020.06.08"]
[Round "8"]
[White "Bondar, Daria"]
[Black "Dima, Ioan Radu"]
[Result "1-0"]
[WhiteElo "1460"]
[BlackElo "1486"]
[PlyCount "129"]
[EventDate "2020.06.01"]
[EventType "swiss"]
[EventRounds "9"]
[EventCountry "MDA"]
[SourceTitle "CBM 196 Extra"]
[Source "ChessBase"]
[SourceDate "2020.07.31"]
[SourceVersion "1"]
[SourceVersionDate "2020.07.31"]
[SourceQuality "1"]

1. e4 c6 2. d4 d5 3. e5 g6 4. Nf3 Bg4 5. h3 Bxf3 6. Qxf3 Bg7 7. Bd3 e6 8. 0-0 Nh6 9. Nd2 c5 10. c3 0-0 11. Qe2 Nc6 12. Nf3 Nf5 13. Bxf5 exf5 14. Bg5 Qb6 15. Qd2 Rfe8 16. Rfe1 Rac8 17. dxc5 Qxc5 18. b4 Qc4 19. Bf6 Ne7 20. Rac1 Rc6 21. Nd4 Ra6 22. Bxg7 Kxg7 23. Rc2 Rc8 24. Qg5 Rc7 25. b5 Rb6 26. g4 h6 27. Qd2 fxg4 28. hxg4 a6 29. e6 Ng8 30. bxa6 Qxa6 31. Qf4 Re7 32. Qe5+ Nf6 33. g5 hxg5 34. Qxg5 Qd3 35. Rd2 Qh3 36. Rde2 Ng4 37. Nf5+ Kh7 38. f3 Rexe6 39. fxg4 gxf5 40. gxf5 Rh6 41. Rg2 Qh1+ 42. Kf2 Rb2+ 43. Re2 Rxe2+ 44. Kxe2 Qh5+ 45. Ke3 Qxg5+ 46. Rxg5 Ra6 47. Rg2 Ra4 48. f6 Re4+ 49. Kd3 Rf4 50. Rg7+ Kh6 51. Rxf7 Kg6 52. Rxb7 Kxf6 53. Rb4 Rf3+ 54. Kd4 Rf2 55. a4 Rd2+ 56. Kc5 Ke6 57. Rd4 Ra2 58. Kb5 Rh2 59. a5 Rb2+ 60. Rb4 Rc2 61. Rb3 Kd6 62. Kb6 d4 63. cxd4 Rc8 64. Kb7 Rc7+ 65. Kb8 1-0

[Event "Hannibal Online op U14"]
[Site "Chess.com INT"]
[Date "2020.06.06"]
[Round "6"]
[White "Stancev, Chirill"]
[Black "Dima, Ioan Radu"]
[Result "0-1"]
[WhiteElo "1264"]
[BlackElo "1486"]
[PlyCount "72"]
[EventDate "2020.06.01"]
[EventType "swiss"]
[EventRounds "9"]
[EventCountry "MDA"]
[SourceTitle "CBM 196 Extra"]
[Source "ChessBase"]
[SourceDate "2020.07.31"]
[SourceVersion "1"]
[SourceVersionDate "2020.07.31"]
[SourceQuality "1"]

1. e4 e6 2. d4 d5 3. e5 c5 4. c3 Nc6 5. Bb5 Bd7 6. Ne2 Qa5 7. Bxc6 Bxc6 8. 0-0 Ne7 9. dxc5 Ng6 10. b4 Qc7 11. f4 Be7 12. Nd4 0-0 13. g3 a5 14. b5 Bd7 15. Ba3 Bxc5 16. Bxc5 Qxc5 17. Qb3 a4 18. Qa3 b6 19. Rf2 Rfc8 20. Rc2 Ra5 21. Nd2 Qxa3 22. c4 Qe3+ 23. Kh1 Qxd4 24. Rac1 dxc4 25. Nf3 Qd5 26. Kg2 Bxb5 27. Rd2 Qb7 28. Rd6 Bc6 29. Rcd1 Bxf3+ 30. Kf2 Bxd1 31. Rxd1 c3 32. f5 c2 33. Rd8+ Rxd8 34. fxg6 c1Q 35. gxf7+ Qxf7+ 36. Kg2 Qff1# 0-1

[Event "Hannibal Online op U14"]
[Site "Chess.com INT"]
[Date "2020.06.04"]
[Round "4"]
[White "Echimescu, Otilia Elena"]
[Black "Dima, Ioan Radu"]
[Result "0-1"]
[WhiteElo "1061"]
[BlackElo "1486"]
[PlyCount "68"]
[EventDate "2020.06.01"]
[EventType "swiss"]
[EventRounds "9"]
[EventCountry "MDA"]
[SourceTitle "CBM 196 Extra"]
[Source "ChessBase"]
[SourceDate "2020.07.31"]
[SourceVersion "1"]
[SourceVersionDate "2020.07.31"]
[SourceQuality "1"]

1. e4 c5 2. Nf3 d6 3. c3 Nf6 4. d3 Nc6 5. Be2 g6 6. 0-0 Bg7 7. Be3 0-0 8. Nbd2 Bg4 9. h3 Bxf3 10. Bxf3 Nd7 11. Qc2 Rc8 12. Rab1 b5 13. a3 a5 14. Rfd1 Qc7 15. b3 Qb8 16. c4 b4 17. a4 Rfe8 18. Bg4 Rcd8 19. Bxd7 Rxd7 20. Nf3 e5 21. Nh2 Nd4 22. Qd2 f5 23. exf5 Nxf5 24. f4 Nxe3 25. Qxe3 Rf7 26. fxe5 Bxe5 27. Kh1 Bxh2 28. Qd2 Be5 29. Re1 Ref8 30. Qe2 Rf2 31. Qe4 Qe8 32. Qh4 Qf7 33. g3 Qf3+ 34. Kg1 Qg2# 0-1

[Event "FISCA Online U14 op"]
[Site "Chess.com INT"]
[Date "2020.05.16"]
[Round "8"]
[White "Dima, Ioan Radu"]
[Black "Burja Udrea, Razvan Andrei"]
[Result "0-1"]
[WhiteElo "1486"]
[BlackElo "1246"]
[PlyCount "62"]
[EventDate "2020.05.09"]
[EventType "swiss"]
[EventRounds "9"]
[EventCountry "ROU"]
[SourceTitle "EXT 2021"]
[Source "ChessBase"]
[SourceDate "2020.10.23"]
[SourceVersion "1"]
[SourceVersionDate "2020.10.23"]
[SourceQuality "1"]

1. e4 e5 2. Nf3 Nc6 3. d4 exd4 4. Bc4 d6 5. Nxd4 Nxd4 6. Qxd4 Nf6 7. 0-0 Be7 8. Nc3 0-0 9. Kh1 b6 10. Re1 Bb7 11. Re3 d5 12. Nxd5 Nxd5 13. exd5 Bc5 14. Qg4 Bxe3 15. Bxe3 Qf6 16. Bd3 h6 17. Bd4 Qg5 18. Qxg5 hxg5 19. Bc4 Rad8 20. Be5 Bxd5 21. Bxd5 Rxd5 22. Bxc7 Rc8 23. Bg3 Rxc2 24. b3 Rxa2 25. Rc1 Rb2 26. h3 Rxb3 27. Rc8+ Kh7 28. Rc7 f5 29. f3 f4 30. Bf2 Rd1+ 31. Kh2 Rb2 0-1